| 000 | 00518nam a2200169Ia 4500 | ||
|---|---|---|---|
| 001 | 12990 | ||
| 003 | IN-NITTTR | ||
| 005 | 20251114233122.0 | ||
| 008 | 251113s9999||||xx |||||||||||||| ||eng|| | ||
| 040 | _beng | ||
| 040 | _cIN-NITTTR | ||
| 041 | _aeng | ||
| 082 | _a671.56 S95S | ||
| 100 | _aSchwartz, Melvin M. | ||
| 245 | 0 |
_aSource book on brazing and brazing technology : _b a comprehensive collection of outstanding articles from the periodical and reference literature. / _cSchwartz, Melvin M. |
|
| 942 |
_2ddc _cBK |
||
| 999 |
_c15626 _d15626 |
||